Normal view
MARC view
Entry Topical Term
001 - CONTROL NUMBER
- control field: 5214
003 - CONTROL NUMBER IDENTIFIER
- control field: BD-RjUL
005 - DATE AND TIME OF LATEST TRANSACTION
- control field: 20221012165509.0
008 - FIXED-LENGTH DATA ELEMENTS
- fixed length control field: 221012|| aca||aabn | a|a d
040 ## - CATALOGING SOURCE
- Original cataloging agency: BD-RjUL
- Transcribing agency: BD-RjUL
150 ## - HEADING--TOPICAL TERM
- Topical term or geographic name entry element: Planetary systems
670 ## - SOURCE DATA FOUND
- Source citation: Work cat.: (BD-RjUL)80520: Paul, Gour Chandra 5213, Investigation of some aspccts of protoplanctary model of planetary formation /, 2005